| Tag |
First Indicator |
Second Indicator |
Subfields |
| LEADER |
00000cam a2200000 a 4500 |
| 001 |
in00001404876 |
| 005 |
20151020064035.0 |
| 008 |
960925s1997 nyu j 000 1 eng |
| 010 |
|
|
|a 96044353
|
| 020 |
|
|
|a 0684826046
|
| 035 |
|
|
|a (OCoLC)35673506
|
| 035 |
|
|
|9 AHP4381AM
|
| 040 |
|
|
|a DLC
|c DLC
|d TXA
|d UtOrBLW
|
| 049 |
|
|
|a TXAM
|
| 050 |
0 |
0 |
|a PS3562.E872
|b L8 1997
|
| 082 |
0 |
0 |
|a 813/.54
|2 21
|
| 090 |
|
|
|a PS3562.E872
|b L83 1997
|
| 100 |
1 |
|
|a Levenkron, Steven,
|d 1941-
|
| 245 |
1 |
4 |
|a The luckiest girl in the world /
|c Steven Levenkron.
|
| 264 |
|
1 |
|a New York :
|b Scribner,
|c [1997]
|
| 264 |
|
4 |
|c ©1997
|
| 300 |
|
|
|a 188 pages ;
|c 23 cm.
|
| 336 |
|
|
|a text
|b txt
|2 rdacontent
|
| 337 |
|
|
|a unmediated
|b n
|2 rdamedia
|
| 338 |
|
|
|a volume
|b nc
|2 rdacarrier
|
| 650 |
|
0 |
|a Women skaters
|x Fiction.
|
| 650 |
|
0 |
|a Self-mutilation
|x Fiction.
|
| 655 |
|
0 |
|a Psychological fiction.
|
| 948 |
|
|
|a c:ce
|
| 999 |
|
|
|a MARS
|
| 999 |
f |
f |
|s ee61fadd-b1c1-3d08-a5a9-8c9924da0731
|i da45a844-b91d-32d1-9a08-c7c9a7e379af
|t 0
|
| 952 |
f |
f |
|p ric
|a Texas A&M University
|b Rellis Campus
|c Joint Library Facility
|d Remote Storage
|t 0
|e PS3562.E872 L83 1997
|h Library of Congress classification
|i unmediated -- volume
|m A14823371469
|
| 998 |
f |
f |
|a PS3562.E872 L83 1997
|t 0
|l Remote Storage
|